MARC details
| 000 -LEADER |
| fixed length control field |
01407cam a2200373 i 4500 |
| 001 - CONTROL NUMBER |
| control field |
21542663 |
| 003 - CONTROL NUMBER IDENTIFIER |
| control field |
OSt |
| 005 - DATE AND TIME OF LATEST TRANSACTION |
| control field |
20251001084115.0 |
| 008 - FIXED-LENGTH DATA ELEMENTS--GENERAL INFORMATION |
| fixed length control field |
200526s2020 enka b 001 0 eng c |
| 020 ## - INTERNATIONAL STANDARD BOOK NUMBER |
| International Standard Book Number |
9780128167687 (Hardcover) |
| 040 ## - CATALOGING SOURCE |
| Original cataloging agency |
NLM |
| Language of cataloging |
eng |
| Description conventions |
rda |
| Transcribing agency |
NUST |
| Modifying agency |
NUST |
| 050 00 - LIBRARY OF CONGRESS CALL NUMBER |
| Classification number |
RC582 SUL |
| 245 00 - TITLE STATEMENT |
| Title |
Stiehm's immune deficiencies : |
| Remainder of title |
inborn errors of immunity / |
| Statement of responsibility, etc. |
edited by Kathleen E. Sullivan. |
| 250 ## - EDITION STATEMENT |
| Edition statement |
Second edition. |
| 260 ## - PUBLICATION, DISTRIBUTION, ETC. |
| Place of publication, distribution, etc. |
United Kingdom: |
| Name of publisher, distributor, etc. |
Elsevier, |
| Date of publication, distribution, etc. |
©2020. |
| 300 ## - PHYSICAL DESCRIPTION |
| Extent |
xxxvi, 1295 pages : |
| Other physical details |
illustrations (chiefly color) ; |
| Dimensions |
29 cm |
| 336 ## - CONTENT TYPE |
| Content type term |
text |
| Content type code |
txt |
| Source |
rdacontent |
| 337 ## - MEDIA TYPE |
| Media type term |
unmediated |
| Media type code |
n |
| Source |
rdamedia |
| 338 ## - CARRIER TYPE |
| Carrier type term |
volume |
| Carrier type code |
nc |
| Source |
rdacarrier |
| 504 ## - BIBLIOGRAPHY, ETC. NOTE |
| Bibliography, etc. note |
Includes bibliographical references and index. |
| 650 #0 - SUBJECT ADDED ENTRY--TOPICAL TERM |
| Topical term or geographic name entry element |
Immunologic diseases. |
| 650 #0 - SUBJECT ADDED ENTRY--TOPICAL TERM |
| Topical term or geographic name entry element |
Immunodeficiency. |
| 650 #0 - SUBJECT ADDED ENTRY--TOPICAL TERM |
| Topical term or geographic name entry element |
Immunological deficiency syndromes. |
| 650 12 - SUBJECT ADDED ENTRY--TOPICAL TERM |
| Topical term or geographic name entry element |
Immunologic Deficiency Syndromes |
| 650 #2 - SUBJECT ADDED ENTRY--TOPICAL TERM |
| Topical term or geographic name entry element |
Immune System Diseases |
| 650 #6 - SUBJECT ADDED ENTRY--TOPICAL TERM |
| Topical term or geographic name entry element |
Maladies immunologiques. |
| 650 #6 - SUBJECT ADDED ENTRY--TOPICAL TERM |
| Topical term or geographic name entry element |
Immunodéficience. |
| 650 #6 - SUBJECT ADDED ENTRY--TOPICAL TERM |
| Topical term or geographic name entry element |
Syndromes de déficit immunitaire. |
| 650 #7 - SUBJECT ADDED ENTRY--TOPICAL TERM |
| Topical term or geographic name entry element |
Immunodeficiency. |
| Source of heading or term |
fast |
| Authority record control number or standard number |
(OCoLC)fst00967937 |
| 650 #7 - SUBJECT ADDED ENTRY--TOPICAL TERM |
| Topical term or geographic name entry element |
Immunologic diseases. |
| Source of heading or term |
fast |
| Authority record control number or standard number |
(OCoLC)fst00967977 |
| 650 #7 - SUBJECT ADDED ENTRY--TOPICAL TERM |
| Topical term or geographic name entry element |
Immunological deficiency syndromes. |
| Source of heading or term |
fast |
| Authority record control number or standard number |
(OCoLC)fst00967994 |
| 700 1# - ADDED ENTRY--PERSONAL NAME |
| Personal name |
Stiehm, E. Richard, |
| Dates associated with a name |
1933- |
| Relator term |
editor. |
| 942 ## - ADDED ENTRY ELEMENTS (KOHA) |
| Source of classification or shelving scheme |
Library of Congress Classification |
| Suppress in OPAC |
No |
| Koha item type |
Ordinary Loan Books |
| Edition |
Second edition |
| Classification part |
RC582SUL |
| Call number prefix |
RC |
| Call number suffix |
SUL |